[Event "Hillerod Skjold Burne op"]
[Site "Hillerod"]
[Date "2017.10.31"]
[Round "4"]
[White "Knudsen, Jan Engelund"]
[Black "Petersen, Jakob Lyng"]
[Result "1/2-1/2"]
[WhiteElo "1683"]
[BlackElo "1380"]
[PlyCount "86"]
[EventDate "2017.10.03"]
[EventType "swiss"]
[EventRounds "4"]
[EventCountry "DEN"]
[SourceTitle "EXT 2024"]
[Source "ChessBase"]
[SourceDate "2023.10.10"]
[SourceVersion "1"]
[SourceVersionDate "2023.10.10"]
[SourceQuality "1"]

1. e4 c6 2. d4 d5 3. e5 Bf5 4. g4 Be4 5. f3 Bg6 6. h4 h6 7. Nh3 e6 8. Bd3 Bxd3 9. Qxd3 Qxh4+ 10. Nf2 Qd8 11. g5 h5 12. g6 Qe7 13. f4 Nh6 14. Rxh5 Nd7 15. f5 exf5 16. Bg5 Qb4+ 17. Nc3 Be7 18. gxf7+ Nxf7 19. Rxh8+ Nxh8 20. Qxf5 Bxg5 21. Qxg5 Qe7 22. Qh5+ Nf7 23. 0-0-0 0-0-0 24. Kb1 Rh8 25. Qg4 Ng5 26. Rg1 Ne6 27. a3 Rh4 28. Qg6 Rxd4 29. Nd3 c5 30. Nb5 Ra4 31. Rf1 c4 32. Rf7 Ndf8 33. Rxe7 Nxg6 34. Rxe6 cxd3 35. cxd3 Nf4 36. Re8+ Kd7 37. Rg8 Ne6 38. Nc3 Rd4 39. Kc2 Kc6 40. Rc8+ Kb6 41. Re8 Nc7 42. Rg8 Ne6 43. Re8 Nc7 1/2-1/2